| 000 | 00630cam a22002293a 4500 | ||
|---|---|---|---|
| 001 | 28812 | ||
| 003 | PGUSA | ||
| 005 | 20140828083626.0 | ||
| 008 | 090514s2009||||xxu|||||s|||||000 | eng d | ||
| 040 |
_aPGUSA _beng |
||
| 042 | _adc | ||
| 050 | 4 | _aHQ | |
| 100 | 1 |
_aButler, George Frank, _d1857-1921 |
|
| 245 | 1 | 0 |
_aEvery Girl's Book _h[electronic resource] / _cGeorge Frank Butler |
| 260 |
_bProject Gutenberg, _c2009 |
||
| 506 | _aPublic domain in the USA. | ||
| 516 | _aElectronic text | ||
| 653 | _aSex instruction | ||
| 830 | 0 |
_aProject Gutenberg _v28812 |
|
| 856 | 4 | 0 | _uhttp://www.gutenberg.org/ebooks/28812 |
| 942 | _cEB | ||
| 999 |
_c258067 _d258067 |
||